<?xml version="1.0" encoding="UTF-8"?>
<record
    xmlns:xsi="http://www.w3.org/2001/XMLSchema-instance"
    xsi:schemaLocation="http://www.loc.gov/MARC21/slim http://www.loc.gov/standards/marcxml/schema/MARC21slim.xsd"
    xmlns="http://www.loc.gov/MARC21/slim">

  <leader>02077nam a2200277 a 4500</leader>
  <controlfield tag="001">000042948</controlfield>
  <controlfield tag="003">DO-SdBNP</controlfield>
  <controlfield tag="005">20220809095512.0</controlfield>
  <controlfield tag="007">ta</controlfield>
  <controlfield tag="008">090422s2008    dr ac         000 0 spa d</controlfield>
  <datafield tag="020" ind1=" " ind2=" ">
    <subfield code="a">9993490040</subfield>
  </datafield>
  <datafield tag="040" ind1=" " ind2=" ">
    <subfield code="a">DO-SdBNP</subfield>
    <subfield code="b">spa</subfield>
    <subfield code="c">BNPHU</subfield>
  </datafield>
  <datafield tag="082" ind1=" " ind2="4">
    <subfield code="a">972.93054</subfield>
    <subfield code="b">L579y 2009</subfield>
    <subfield code="2">22</subfield>
  </datafield>
  <datafield tag="100" ind1="1" ind2=" ">
    <subfield code="a">Le&#xF3;n Est&#xE9;vez, Luis Jos&#xE9;,</subfield>
    <subfield code="d">1931 -</subfield>
    <subfield code="9">2414</subfield>
  </datafield>
  <datafield tag="245" ind1="1" ind2="0">
    <subfield code="a">Yo, Ramfis Trujillo /</subfield>
    <subfield code="c">Luis Jos&#xE9; Le&#xF3;n Est&#xE9;vez.</subfield>
  </datafield>
  <datafield tag="250" ind1=" " ind2=" ">
    <subfield code="a">8a ed.</subfield>
  </datafield>
  <datafield tag="260" ind1=" " ind2=" ">
    <subfield code="a">Santo Domingo :</subfield>
    <subfield code="b">Letra gr&#xE1;fica,</subfield>
    <subfield code="c">2008.</subfield>
  </datafield>
  <datafield tag="300" ind1=" " ind2=" ">
    <subfield code="a">115 p. :</subfield>
    <subfield code="b">il., retrs. ;</subfield>
    <subfield code="c">21 cm.</subfield>
  </datafield>
  <datafield tag="500" ind1=" " ind2=" ">
    <subfield code="a">Incluye datos biograf&#xED;cos del autor en la solapa de la portada</subfield>
  </datafield>
  <datafield tag="505" ind1="0" ind2=" ">
    <subfield code="a">Comentarios acerca de la obra Yo, Ramfis Trujillo --</subfield>
    <subfield code="t">&#xA1;Gracias general! --</subfield>
    <subfield code="t">Testimonio personal del autor --</subfield>
    <subfield code="t">Yo, Ramfis Trujillo --</subfield>
    <subfield code="t">&#xA1;Que b&#xE1;rbaro, ni siquiera aqu&#xED; descansa! --</subfield>
    <subfield code="t">No quise ser vicepresidente --</subfield>
    <subfield code="t">Cumplo mi sue&#xF1;o: hacer la mejor Fuerza A&#xE9;rea --</subfield>
    <subfield code="t">Hollywood: algunas artistas compartieron mi tiempo --</subfield>
    <subfield code="t">Mi patria: entre el bisonte y el toro --</subfield>
    <subfield code="t">El entorno oficial de mi padre: buenos y malos --</subfield>
    <subfield code="t">El movimiento 14 de junio --</subfield>
    <subfield code="t">El asesinato de mi padre --</subfield>
    <subfield code="t">Ten&#xED;a el poder, todo el poder --</subfield>
    <subfield code="t">Todos clamaban venganza --</subfield>
    <subfield code="t">S&#xED;, fue un dictador --</subfield>
    <subfield code="t">La corrupci&#xF3;n, que ahoga la modernizaci&#xF3;n y decencia del pa&#xED;s --</subfield>
    <subfield code="t">Lo que me llama es la tumba --</subfield>
    <subfield code="t">P&#xE1;rese a pelear --</subfield>
    <subfield code="t">Todo el mundo quer&#xED;a que siguiera la dictadura --</subfield>
    <subfield code="t">Empec&#xE9; a "destrujillizar" el pa&#xED;s --</subfield>
    <subfield code="t">La oposici&#xF3;n no quer&#xED;a comprender --</subfield>
    <subfield code="t">Solo mi presencia imped&#xED;a un golpe de estado --</subfield>
    <subfield code="t">F&#xE9;lix W. Bernardino asesinar&#xE1; al Dr. Balaguer --</subfield>
    <subfield code="t">Mi enfrentamiento con Johnny Abbes Garc&#xED;a --</subfield>
    <subfield code="t">Nunca pens&#xE9; quedarme en el pa&#xED;s --</subfield>
    <subfield code="t">Soy el responsable de esas muertes. Nunca pens&#xE9; quedarme en el pa&#xED;s --</subfield>
    <subfield code="t">Soy el responsable de esas muertes.</subfield>
  </datafield>
  <datafield tag="590" ind1=" " ind2=" ">
    <subfield code="a">Inventariado, 2022/BT</subfield>
  </datafield>
  <datafield tag="600" ind1="1" ind2="4">
    <subfield code="a">Trujillo Mart&#xED;nez, Rafael Le&#xF3;nidas (Ramfis),</subfield>
    <subfield code="d">1929-1969</subfield>
    <subfield code="x">Correspondencia, memorias, etc.</subfield>
    <subfield code="9">1246</subfield>
  </datafield>
  <datafield tag="651" ind1=" " ind2="4">
    <subfield code="a">Rep&#xFA;blica Dominicana</subfield>
    <subfield code="x">Historia</subfield>
    <subfield code="y">Era de Trujillo, 1930-1961</subfield>
    <subfield code="x">Fuentes</subfield>
    <subfield code="9">2416</subfield>
  </datafield>
  <datafield tag="910" ind1=" " ind2=" ">
    <subfield code="a">Validado. Control de calidad MFF</subfield>
  </datafield>
  <datafield tag="942" ind1=" " ind2=" ">
    <subfield code="2">ddc</subfield>
    <subfield code="c">LBS1</subfield>
  </datafield>
  <datafield tag="952" ind1=" " ind2=" ">
    <subfield code="0">0</subfield>
    <subfield code="1">0</subfield>
    <subfield code="2">ddc</subfield>
    <subfield code="5">1</subfield>
    <subfield code="7">0</subfield>
    <subfield code="8">PD</subfield>
    <subfield code="a">BNPHU</subfield>
    <subfield code="b">BNPHU</subfield>
    <subfield code="c">HD</subfield>
    <subfield code="d">2014-02-13</subfield>
    <subfield code="e">Dep&#xF3;sito Legal</subfield>
    <subfield code="o">BNPHU PD 972.93054 L579y 2009</subfield>
    <subfield code="p">42948-10</subfield>
    <subfield code="r">2020-06-25</subfield>
    <subfield code="w">2020-06-25</subfield>
    <subfield code="y">LBS1</subfield>
  </datafield>
  <datafield tag="952" ind1=" " ind2=" ">
    <subfield code="0">0</subfield>
    <subfield code="1">0</subfield>
    <subfield code="2">ddc</subfield>
    <subfield code="5">1</subfield>
    <subfield code="7">0</subfield>
    <subfield code="8">PD</subfield>
    <subfield code="a">BNPHU</subfield>
    <subfield code="b">BNPHU</subfield>
    <subfield code="c">HD</subfield>
    <subfield code="d">2022-05-24</subfield>
    <subfield code="e">Donaci&#xF3;n</subfield>
    <subfield code="o">BNPHU PD 972.93054 L579y 2009</subfield>
    <subfield code="p">2022-2349</subfield>
    <subfield code="r">2022-05-24</subfield>
    <subfield code="t">e.2</subfield>
    <subfield code="w">2022-05-24</subfield>
    <subfield code="y">LBS1</subfield>
  </datafield>
  <datafield tag="999" ind1=" " ind2=" ">
    <subfield code="c">42437</subfield>
    <subfield code="d">42437</subfield>
  </datafield>
</record>
